| 000 | 02236nam0a2200337 4500 | ||
|---|---|---|---|
| 001 | RU\NLR\BIBL_A\011928068 | ||
| 005 | 20190220121241.0 | ||
| 021 |
_aRU _bКН-П-18-101277 _9КН-П-18-7340 |
||
| 035 | _a(NLR Aleph) 011928068 | ||
| 035 | _a(RuMoRGB)009850931 | ||
| 090 |
_a11023660 _c11023660 |
||
| 100 | _a20190205d2018 u y0rusy50 ca | ||
| 101 | 0 | _arus | |
| 102 | _aRU | ||
| 105 | _a |||z|||000zy | ||
| 200 | 1 |
_aМетодология выполнения МР-исследования височно-нижнечелюстных суставов _eметодические рекомендации _fПравительство Москвы, Департамент здравоохранения города Москвы, Государственное бюджетное учреждение здравоохранения города Москвы "Научно-практический центр медицинской радиологии Департамента здравоохранения Москвы" _g[автор-составитель: Буренчев Д.В., д.м.н.] |
|
| 210 |
_aМосква _cДепартамент здравоохранения города Москвы _d2018 |
||
| 215 |
_a18 с. _cил., табл. _d21 |
||
| 225 | 1 |
_aЛучшие практики лучевой и инструментальной диагностики _vвып. 18 _x2618-7124 |
|
| 300 | _aНа тит. л. подзаг.: методические рекомендации № 58 | ||
| 320 | _aБиблиогр.: с. 18 (3 назв.) | ||
| 606 | 1 |
_aВисочно-нижнечелюстной сустав _jМетодические пособия _xБолезни _xМагнитно-резонансная томография _92414174 _3RU\NLR\AUTH\661438156 |
|
| 686 | 1 | _aР665.634-433.9я8 | |
| 702 | 1 |
_aБуренчев _bД. В. _gДмитрий Владимирович _4220 |
|
| 712 | 0 | 2 |
_4570 _aНаучно-практический центр медицинской радиологии _cМосква _9430251 _3RU\NLR\AUTH\880382000 |
| 942 | _cBOOK | ||
| 980 | _aNBR | ||
| 980 | _aNB | ||